Полное собрание творений святителя Игнатия Брянчанинова. Т. 3 (Запись № 10193122)
[ простой вид ]
| 000 -МАРКЕР | |
|---|---|
| контрольное поле | 02224nam2a2200277 i 4500 |
| 001 - ИДЕНТИФИКАТОР ЗАПИСИ | |
| контрольное поле | RU\NLR\BIBL_A\010190109 |
| 005 - ИДЕНТИФИКАТОР ВЕРСИИ | |
| контрольное поле | 20240728194554.0 |
| 010 ## - МЕЖДУНАРОДНЫЙ СТАНДАРТНЫЙ НОМЕР КНИГИ (ISBN) | |
| Номер (ISBN) | 9785880600335 |
| Тираж | 3000 |
| 021 ## - НОМЕР ГОСУДАРСТВЕННОЙ РЕГИСТРАЦИИ | |
| Код страны | Российская Федерация |
| Номер | 2013-100792 |
| Номер Листа государственной регистраци | 7001 |
| 035 ## - ДРУГИЕ СИСТЕМНЫЕ НОМЕРА | |
| Идентификатор записи | (NLR Aleph) 010190109 |
| 100 ## - ДАННЫЕ ОБЩЕЙ ОБРАБОТКИ | |
| Данные общей обработки | 20140211d2014 k y0rusy50 ca |
| 101 0# - ЯЗЫК РЕСУРСА | |
| Язык текста, звукозаписи и т.д. | русский |
| 102 ## - СТРАНА ПУБЛИКАЦИИ ИЛИ ПРОИЗВОДСТВА | |
| Страна публикации | Российская Федерация |
| 105 ## - ПОЛЕ КОДИРОВАННЫХ ДАННЫХ: ТЕКСТОВЫЕ МАТЕРИАЛЫ, МОНОГРАФИЧЕСКИЕ | |
| Кодированные данные о монографическом текстовом документе | y|||w||||00yy |
| 200 0# - ЗАГЛАВИЕ И СВЕДЕНИЯ ОБ ОТВЕТСТВЕННОСТИ | |
| Основное заглавие | Т. 3 |
| 210 ## - ПУБЛИКАЦИЯ, РАСПРОСТРАНЕНИЕ И ДР. | |
| Дата издания, распространения и т.д. | 2014 |
| -- | [т.е. 2013] |
| 215 ## - ФИЗИЧЕСКАЯ ХАРАКТЕРИСТИКА | |
| Специфическое обозначение материала и объем | 560 с. |
| 300 ## - ОБЩИЕ ПРИМЕЧАНИЯ | |
| Текст примечания | Кн. фактически издана в 2013 г. |
| 327 1# - ПРИМЕЧАНИЯ О СОДЕРЖАНИИ | |
| Текст примечания | Содерж.: Аскетическая проповедь; Записки и очерки о состоянии Санкт-Петербургского благочиния; Дело о крестьянах помещика Страхова. В кн. также: в прил.: Вновь возрождается обитель / игум. Николай (Парамонов) |
| 461 #0 - УРОВЕНЬ НАБОРА | |
| Встроенное поле | 001RU\NLR\BIBL_A\010188865 |
| -- | 2000#$aПолное собрание творений святителя Игнатия Брянчанинова$eв 5 т$f[общ. ред. О.И. Шафранова]$vТ. 3 |
| -- | 700#1$3RU\NLR\AUTH\771894$aИгнатий$cБрянчанинов, Дмитрий Александрович$cепископ Кавказский и Черноморский$f1807-1867 |
| Системный номер (АБИС) связанной записи | 10187713 |
| Автор | Игнатий (Брянчанинов, Дмитрий Александрович ; 1807-1867) |
| Место публикации | Москва |
| Дата публикации | 2014 |
| Издание | 2-е изд., испр. и доп. |
| Первые сведения об ответственности | [общ. ред. О.И. Шафранова] |
| Имя издателя, распространителя и т.д. | Паломник |
| Сведения, относящиеся к заглавию | в 5 т |
| Заглавие | Полное собрание творений святителя Игнатия Брянчанинова |
| Номер тома | Т. 3 |
| 464 #0 - АНАЛИТИЧЕСКИЙ УРОВЕНЬ | |
| Встроенное поле | 2001#$aВновь возрождается обитель$fигум. Николай (Парамонов) |
| -- | 700#0$aНиколай$cПарамонов, Василий Михайлович$cархимандрит$f1956-$3RU\NLR\AUTH\7754411 |
| Заглавие | Вновь возрождается обитель |
| Автор | Николай (архимандрит ; 1956-) |
| 942 ## - ДОПОЛНИТЕЛЬНЫЕ ЭЛЕМЕНТЫ ЗАПИСИ (АБИС) | |
| Тип экземпляра АБИС | Книга |
| 980 ## - КОЛЛЕКЦИЯ | |
| Название коллекции | НБР |
Нет доступных экземпляров.